Electrotechnical systems : (Record no. 355474)
[ view plain ]
| 000 -LEADER | |
|---|---|
| fixed length control field | 01081cam a2200301 a 4500 |
| 001 - CONTROL NUMBER | |
| control field | 17457467 |
| 003 - CONTROL NUMBER IDENTIFIER | |
| control field | Nust- CAS-E |
| 005 - DATE AND TIME OF LATEST TRANSACTION | |
| control field | 20180118181403.0 |
| 008 - FIXED-LENGTH DATA ELEMENTS--GENERAL INFORMATION | |
| fixed length control field | 120910s2013 flua b 001 0 eng |
| 010 ## - LIBRARY OF CONGRESS CONTROL NUMBER | |
| LC control number | 2012028175 |
| 020 ## - INTERNATIONAL STANDARD BOOK NUMBER | |
| International Standard Book Number | 9781466514027 |
| 040 ## - CATALOGING SOURCE | |
| Original cataloging agency | DLC |
| Transcribing agency | DLC |
| Modifying agency | DLC |
| 042 ## - AUTHENTICATION CODE | |
| Authentication code | pcc |
| 050 00 - LIBRARY OF CONGRESS CALL NUMBER | |
| Classification number | TK1005 |
| Item number | .P457 2013 |
| 082 00 - DEWEY DECIMAL CLASSIFICATION NUMBER | |
| Classification number | 621.3028553 |
| Edition number | 23 |
| Author Mark | PER 2013 |
| 100 1# - MAIN ENTRY--PERSONAL NAME | |
| Personal name | Perelʹmuter, V. M. |
| Fuller form of name | (Viktor Moiseevich) |
| 245 10 - TITLE STATEMENT | |
| Title | Electrotechnical systems : |
| Remainder of title | simulation with Simulink® and SimPowerSystems / |
| Statement of responsibility, etc. | Viktor Perelmuter. |
| 260 ## - PUBLICATION, DISTRIBUTION, ETC. | |
| Place of publication, distribution, etc. | Boca Raton : |
| Name of publisher, distributor, etc. | CRC Press, Taylor & Francis Group, |
| Date of publication, distribution, etc. | 2013. |
| 300 ## - PHYSICAL DESCRIPTION | |
| Extent | xv, 434 p.: |
| Other physical details | ill. ; |
| Dimensions | 25 cm. + 1 CD-ROM (4 3/4 in.) |
| 504 ## - BIBLIOGRAPHY, ETC. NOTE | |
| Bibliography, etc. note | Includes bibliographical references and index. |
| 630 00 - SUBJECT ADDED ENTRY--UNIFORM TITLE | |
| Uniform title | SIMULINK. |
| 630 00 - SUBJECT ADDED ENTRY--UNIFORM TITLE | |
| Uniform title | SimPowerSystems. |
| 630 00 - SUBJECT ADDED ENTRY--UNIFORM TITLE | |
| Uniform title | MATLAB. |
| 650 #0 - SUBJECT ADDED ENTRY--TOPICAL TERM | |
| Topical term or geographic name entry element | Electric power systems |
| General subdivision | Simulation methods. |
| 906 ## - LOCAL DATA ELEMENT F, LDF (RLIN) | |
| a | 7 |
| b | cbc |
| c | orignew |
| d | 1 |
| e | ecip |
| f | 20 |
| g | y-gencatlg |
| 942 ## - ADDED ENTRY ELEMENTS (KOHA) | |
| Source of classification or shelving scheme | |
| Koha item type | Book |
| Withdrawn status | Lost status | Source of classification or shelving scheme | Damaged status | Not for loan | Collection code | Permanent Location | Current Location | Shelving location | Date acquired | Source of acquisition | Total Checkouts | Full call number | Barcode | Date last seen | Price effective from | Koha item type |
|---|---|---|---|---|---|---|---|---|---|---|---|---|---|---|---|---|
| US-Pakistan Center for Advanced Studies in Energy (USPCAS-E) | US-Pakistan Center for Advanced Studies in Energy (USPCAS-E) | General Stacks | 11/11/2013 | Eagle Information Books | 621.3028553 PER 2013 | CAS-E0000446 | 08/27/2014 | 08/27/2014 | Book |
